000 01086pam a2200313 a 4500
001 3269
005 20240222143743.0
020 _a9780531159156
040 _aDLC
_cDLC
_dDLC
_beng
050 0 0 _aQ127.E3
_b1998
082 0 0 _a509.32
100 1 _aWoods, Geraldine
245 1 0 _aScience in ancient Egypt /
_cby Woods, Ceraldine
260 _aNew York :
_bFranklin Watts,
_c1998
300 _a64 pages :
_bcolor illustrations , map ;
_c24 cm.
490 _a Science of the Past
505 _aZ
520 _aDiscusses the achievements of the ancient Egyptians in science, mathematics, astronomy, medicine, agriculture, and technology.
521 _a990
_bLexile
521 _aZ
_bRaz-Plus
650 0 _aScience
_zEgypt
_xHistory
_xJuvenile literature.
650 0 _aEngineering
_zEgypt
_xHistory
_xJuvenile literature.
650 0 _aScience, Ancient
_xJuvenile literature.
650 1 _aScience
_zEgypt
_xHistory.
650 1 _aTechnology
_zEgypt
_xHistory.
650 1 _aScience, Ancient.
906 _a7
_bcbc
_corignew
_d1
_eocip
_f19
_gy-gencatlg
942 _2ddc
_cBK
_n0
999 _c3269
_d3269